02684nam a2200613 a 450000500170000000800410001702000220005804100080008009200230008810000380011124500760014925000110022526000600023630000280029650001730032465300250049765300230052265300230054565300440056865300290061265300420064165300410068365300500072465300940077465300700086865300660093865300730100465300540107765300500113165300500118165300580123165300250128965300210131465300330133565300270136865300250139565300420142065300320146265300320149465300260152665300260155265300230157865300230160165300270162465300220165165300280167365300310170165300410173270000350177370000360180894200120184499900150185695201990187120240412121547.0100309t2007||||sp a f |||| 001 0 spa d a978-897-558-117-3 aspa c616.992l36sHUÑ1 aHuñis, Adrián P.eComp.93078 aIntroducción a la oncología clínica.bT.1 / cAdrián P. Huñis a1a ed. aBuenos Aires: bUniversidad Nacional de Quilmes;c2007. a1007 p.bil.c15x22 cm. aHuñis, A. P., Alonso, D. F. y Gómez, D. E. (Comp.). (2007). Introducción a la oncología clínica. T.1 (1a ed.). Buenos Aires : Universidad Nacional de Quilmes. aBiología molecular aBiología celular aBiología tumoral aPropiedades de la célula transformada aEtiología del cáncer aOncogenes y genes supresores de tumor aPerspectiva en oncología molecular aPrevención primaria, secundaria y terciaria aAnatomía patológica y el papel del anatomopatológo en el diagnóstico del cáncer aValor de los diferentes métodos de diagnóstico por imágenes aValor del laboratorio general y del laboratorio especializado aValor de los métodos endoscópicos en diagnóstico y tratamiento aPrincipios generales del tratamiento quirúrgico aPrincipios generales del tratamiento radiante aPrincipios generales del tratamiento médico aPrincipios generales de los tratamientos biológicos aCáncer de pulmón aCáncer de mama aCáncer de mama hereditario aCáncer de próstata aCáncer colorrectal aCáncer del sistema nervioso central aCáncer de cabeza y cuello aCáncer de piel y melanoma aCáncer de riñón aCáncer de testiculo aCáncer de vejiga aCáncer de ovario aCáncer de endometrio aCáncer de vulva aTumores del trofoblasto aCáncer de cuello uterino aSarcomas óseos y de partes blandas1 aAlonso, Daniel F.eComp.930791 aGómez, Daniel E.eComp.93080 2ddccBK c2266d2266 00102ddc4070aBFMbBFMcCRd2016-11-23eDonación Dr. Beguelin, Zenon. Octubre 2016l0o616.992 36 HUÑp3722r2017-12-13tEj,1w2016-11-23yBKzDonación Dr. Beguelin, Zenon. Octubre 2016